000 00378nam a2200157Ia 4500
008 230711s9999||||xx |||||||||||||| ||und||
041 _aENG
082 _a621.092
_bCO-W
100 _aConnor,L.P
245 0 _aWelding handbook
250 _a1st Ed.
260 _c1991
_aNew Delhi
_bAmerican Welding Society 
300 _a619
650 _aMechanical Engineering
942 _cBK
999 _c2412
_d2412